| 000 | 00692nam a22002417a 4500 | ||
|---|---|---|---|
| 001 | BD-DhSAU 6749 | ||
| 003 | BD-DhSAU | ||
| 005 | 20150513125618.0 | ||
| 008 | 150513b1994 ph a|||| |||| 001 0 eng d | ||
| 020 | _a9712200477 | ||
| 040 | _aBD-DhSAU | ||
| 082 |
_222 _a632.95 _bBON |
||
| 100 | _aSoon, Lim Guan | ||
| 245 |
_aNeem pesticides in rice : _bpotential and limitations / _cLim Guan Soon, Dale G. Bottrell |
||
| 260 |
_aPhilippines : _bIRRI , _cc1994. |
||
| 300 |
_aviii, 69 p. : _bill. ; _c23 cm. |
||
| 504 | _aIncludes bibliographical references & index. | ||
| 590 | _aJerin | ||
| 650 | _aEntomology | ||
| 650 | _arice | ||
| 650 | _aNeem pesticides | ||
| 700 | _aBottrell, Dale G. | ||
| 942 |
_2ddc _cBOOK |
||
| 999 |
_c6749 _d6749 |
||